000
00281nam a22001097a 4500
008
170120b xxu||||| |||| 00| 0 eng d
020
_a
2900781745009
041
_a
eng
080
_2
10TH
_a
618.2
245
_a
TEXTBOOK OF MEDICAL SURGICAL NURSING
_c
BRUNNER & SUDDARTH
942
_2
udc
_c
BK
999
_c
3218
_d
3218